Nivel de estres laboral en el personal del equipo quirurgico de tresinstituciones de salud de la ciudad de Cartagena 2019 / (Registro nro. 4589)
[ vista simple ]
| 000 -LEADER | |
|---|---|
| fixed length control field | 02008nam a2200229 4500 |
| 005 - DATE AND TIME OF LATEST TRANSACTION | |
| control field | 20250329165444.0 |
| 008 - FIXED-LENGTH DATA ELEMENTS--GENERAL INFORMATION | |
| fixed length control field | 190415s2019 000 0 eng d |
| 040 ## - CATALOGING SOURCE | |
| Original cataloging agency | CO-CtgCURN |
| Language of cataloging | spa |
| Transcribing agency | coctgcurn |
| 082 0# - DEWEY DECIMAL CLASSIFICATION NUMBER | |
| Classification number | INQ 2019 |
| Item number | M351 |
| 100 1# - MAIN ENTRY--PERSONAL NAME | |
| Personal name | Marmolejo Mendez, María Margarita. |
| 245 10 - TITLE STATEMENT | |
| Title | Nivel de estres laboral en el personal del equipo quirurgico de tresinstituciones de salud de la ciudad de Cartagena 2019 / |
| Statement of responsibility, etc. | María Margarita Marmolejo Mendez; Directores Alvaro Quintana Salcedo; Ruby Muñoz Baldiris. |
| 260 ## - PUBLICATION, DISTRIBUTION, ETC. | |
| Place of publication, distribution, etc. | Cartagena de Indias : |
| Name of publisher, distributor, etc. | Corporación Universitaria Rafael Nuñez, |
| Date of publication, distribution, etc. | 2019. |
| 300 ## - PHYSICAL DESCRIPTION | |
| Extent | 144 hojas. |
| 504 ## - BIBLIOGRAPHY, ETC. NOTE | |
| Bibliography, etc. note | Trabajo de grado (Instrumentación quirúrgica). Corporación Universitaria Rafael Nuñez. Facultad de Ciencias de la Salud. Instrumentación quirúrgica, 2019. |
| 520 ## - SUMMARY, ETC. | |
| Summary, etc. | "Al hablar del estrés laboral, para la OMS existen muchos factores del entorno del trabajo que pueden afectar a la salud mental. En la mayoría de los casos, los riesgos que conllevan son a causa de una interacción inadecuada entre el tipo de trabajo, el entorno organizativo y directivo, las aptitudes y competencias del personal y las facilidades que se ofrecen a este para realizar su trabajo. Es necesario considerar que factores como el acoso psicológico y la intimidación en el trabajo (mobbing), son causas frecuentes de estrés laboral y otros riesgos para la salud de los trabajadores, que pueden ocasionar problemas físicos y psicológicos en el propio trabajador y en el entorno de las personas que lo rodean " |
| 650 #0 - SUBJECT ADDED ENTRY--TOPICAL TERM | |
| Topical term or geographic name entry element | Instrumentación quirúrgica |
| Form subdivision | Tesis y disertaciones academicas. |
| 700 1# - ADDED ENTRY--PERSONAL NAME | |
| Personal name | Quintana Salcedo, Alvaro, |
| Relator term | director. |
| 700 1# - ADDED ENTRY--PERSONAL NAME | |
| Personal name | Muñoz Baldiris, Ruby |
| -- | director. |
| 856 ## - ELECTRONIC LOCATION AND ACCESS | |
| Uniform Resource Identifier | <a href="https://unicurn.sharepoint.com/:b:/s/biblioteca/Ef7pbKxyUtZJp1JUwSA-F4gBLaSu1W3U4XfXKEEQB6n9Tw?e=4Hs9Sq">https://unicurn.sharepoint.com/:b:/s/biblioteca/Ef7pbKxyUtZJp1JUwSA-F4gBLaSu1W3U4XfXKEEQB6n9Tw?e=4Hs9Sq</a> |
| Public note | Click aqui para ver el recurso en texto completo |
| 942 ## - ADDED ENTRY ELEMENTS (KOHA) | |
| Source of classification or shelving scheme | Dewey Decimal Classification |
| Koha item type | Trabajos de grado |
| Classification part | INQ 2019 |
| Item part | M351 |
| Withdrawn status | Lost status | Source of classification or shelving scheme | Damaged status | Not for loan | Collection | Home library | Current library | Shelving location | Date acquired | Source of acquisition | Cost, normal purchase price | Inventory number | Total checkouts | Full call number | Barcode | Date last seen | Price effective from | Koha item type |
|---|---|---|---|---|---|---|---|---|---|---|---|---|---|---|---|---|---|---|
| Dewey Decimal Classification | Trabajos de grado | Miguel Henríquez Emiliani | Miguel Henríquez Emiliani | Trabajo de grado | 06/01/2019 | El autor | 350000.00 | 023043 | INQ 2019 M351 | 023043 | 06/20/2019 | 06/20/2019 | Trabajos de grado |